header

Locality and belonging (Record no. 123002)

MARC details
000 -LEADER
fixed length control field 01359nam a2200361 a 4500
082 04 - DEWEY DECIMAL CLASSIFICATION NUMBER
Classification number 304.2/3
245 00 - TITLE STATEMENT
Title Locality and belonging
260 ## - PUBLICATION, DISTRIBUTION, ETC. (IMPRINT)
Place of publication London ;
-- New York :
Name of publisher Routledge,
Year of publication 1998.
300 ## - PHYSICAL DESCRIPTION
Number of Pages xiv, 218 p.
490 0# - SERIES STATEMENT
Series statement European Association of Social Anthropologists
650 #0 - SUBJECT ADDED ENTRY--TOPICAL TERM
Topical Term Human territoriality.
Topical Term Human beings
Topical Term Geographical perception.
Topical Term Landscape assessment.
Topical Term Place (Philosophy)
700 1# - ADDED ENTRY--PERSONAL NAME
Personal name Lovell, Nadia,
856 40 - ELECTRONIC LOCATION AND ACCESS
Uniform Resource Identifier http://site.ebrary.com/lib/rucke/Doc?id=2004090

No items available.

© 2026 Rongo University
Contact us: librarian | system librarian | Rongo university